00787 a2200385 4500000002100000001000700021005001700028008004100045010000500086020000500091082001900096100002400115110000500139245008100144250001200225260003800237300001000275490000700285500000500292600000500297610000500302611000500307630000500312650000500317651000500322654000500327700002600332710000900358711000500367720000500372730000500377740000500382752000500387856000900392BKB 06969520200902150335.0  a a a658.1511bN28M1 aNeedles, Belverd E. a1 aManagerial accounting principlescby Belverd E. Needles and Susan V. Crosson a9th ed. aAustraliabCengage Learningc2011 a606p. av a a a a a a a a aCrosson, Susan V.bc abc a a a a a adf